| 000 | 00735nam a22002177a 4500 | ||
|---|---|---|---|
| 999 |
_c65357 _d65357 |
||
| 005 | 20240530110820.0 | ||
| 008 | 190115s2003 ua a f 000 0 ara d | ||
| 017 |
_bمصر. دار الكتب _a2003/9042 |
||
| 040 |
_aEG-CaGPL _cEG-CaGPL |
||
| 082 | 0 | 4 |
_221 _a792.8 / _bأ م |
| 100 | 0 | _aاحمد حسن جمعة | |
| 245 | 1 | 0 |
_aالدراما الحركية وفن الباليه / _cتأليف احمد حسن جمعة _nالفصل الاول - _pباليه جيزيل |
| 250 | _aط.1 | ||
| 260 | _c2003 . | ||
| 300 |
_a237 ص. : _bايض ؛ _c24 سم. |
||
| 650 | 0 | 7 |
_aالباليه _2qrmak |
| 650 | 0 | 7 |
_aباليه جيزيل _2qrmak |
| 651 | _2qrmak | ||
| 942 |
_2ddc _cBK |
||